| 000 | 00447nam a2200145Ia 4500 | ||
|---|---|---|---|
| 008 | 231129s2003||||xx |||||||||||||| ||spa|| | ||
| 020 | _a970-15-0705-3 | ||
| 040 | _bspa | ||
| 082 | _a155.455 A958n | ||
| 100 | _aívila de Encío Carmen | ||
| 245 | 0 | _aNiños hiperactivos: comportamiento diagnóstico tratamiento ayuda familiar y escolar | |
| 260 | _c2003 | ||
| 264 | _aAlfaomega | ||
| 942 |
_2ddc _cBKS |
||
| 999 |
_c21688 _d21688 |
||